000 00526nam a22001697a 4500
999 _c371291
_d371291
008 201127b ||||| |||| 00| 0 eng d
040 _aDE-2950
_bger
_cDE-2950
_erda
041 _ager
245 _aJahresrückblick 2021, Teil 4
264 _c2021
653 _aFrankfurt (Oder)
773 _dFrankfurt (Oder) Märkisches Verlags- und Druckhaus GmbH & Co KG
_tMärkische Oderzeitung
_g32. Jahrgang (2021) Nr. 304 vom 29.12.2021, S. 16
942 _cA